Make up dengan Photoshop

Bibliographic Details
Main Author: Hadiiswa
Other Authors: Fameel
Format: Book
Published: KL : Synergy Media , [s.n]
Series:Siri komputer multimedia
Subjects:

MARC

LEADER 00000cam a2200000 7i4500
001 0000037085
005 20130815.0
008 130815
020 |a 9670478302 
090 0 0 |a 006.686   |b HAD 
100 0 |a Hadiiswa 
245 1 0 |a Make up dengan Photoshop   |c Hadiiswa & Fameel 
260 |a KL :   |b Synergy Media ,   |c [s.n] 
440 |a Siri komputer multimedia 
650 0 |a Computer graphics 
650 0 |a Photoshop digital techniques 
700 1 |a Fameel 
999 |a 0001236867   |b Book   |c Adult Collection   |e Cawangan Bukit Gambir 
999 |a 0001236869   |b Book   |c Adult Collection   |e Cawangan Mersing 
999 |a 0001236873   |b Book   |c Adult Collection   |e Cawangan Tmn. Ungku Tun Aminah 
999 |a 0001239151   |b Book   |c Adult Collection   |e Perbadanan Perpustakaan Awam Johor 
999 |a 0001239152   |b Book   |c Adult Collection   |e Cawangan Bandar Tenggara 
999 |a 0001239153   |b Book   |c Adult Collection   |e Perbadanan Perpustakaan Awam Johor